| 000 | 00000nas 2200000za 4500 |
| 001 | 9.805235 |
| 003 | CaOODSP |
| 005 | 20230801131734 |
| 007 | cr ||||||||||| |
| 008 | 151030c20149999onc x m o f000#a0fre|d |
| 040 | |aCaOODSP|bfre |
| 043 | |an-cn--- |
| 086 | 1 |aPS82-4F-PDF |
| 245 | 00|aRecherche en bref |h[ressource électronique]. |
| 260 | |a[Ottawa] : |bService correctionnel Canada, |c[2014]- |
| 310 | |aIrrégulier |
| 362 | 1 |aParaît depuis 14-16. |
| 500 | |aPubli. aussi en anglais sous les titres : Research in brief, Research snippet. |
| 500 | |aLes numéros ont des titres distincts. |
| 692 | 07|2gccst|aJustice pénale |
| 692 | 07|2gccst|aRecherche |
| 710 | 2 |aService correctionnel Canada. |bDirection de la recherche. |
| 775 | 08|tResearch snippet |w(CaOODSP)9.506659 |
| 775 | 08|tResearch in brief |w(CaOODSP)9.805030 |
| 780 | 00|tExtrait de recherche |w(CaOODSP)9.503046 |